<?xml version="1.0" encoding="UTF-8"?>
<record
    xmlns:xsi="http://www.w3.org/2001/XMLSchema-instance"
    xsi:schemaLocation="http://www.loc.gov/MARC21/slim http://www.loc.gov/standards/marcxml/schema/MARC21slim.xsd"
    xmlns="http://www.loc.gov/MARC21/slim">

  <leader>00948cam a2200253Ii 4500</leader>
  <datafield tag="999" ind1=" " ind2=" ">
    <subfield code="c">2050</subfield>
    <subfield code="d">2050</subfield>
  </datafield>
  <controlfield tag="001">3004797</controlfield>
  <controlfield tag="003">OSt</controlfield>
  <controlfield tag="005">20180922170923.0</controlfield>
  <controlfield tag="008">770530s1957    tnua     b    001 0 eng d</controlfield>
  <datafield tag="040" ind1=" " ind2=" ">
    <subfield code="a">EXN</subfield>
    <subfield code="c">EXN</subfield>
    <subfield code="d">m.c.</subfield>
    <subfield code="d">BSC</subfield>
  </datafield>
  <datafield tag="082" ind1=" " ind2=" ">
    <subfield code="a">286.7</subfield>
    <subfield code="b">W582T</subfield>
  </datafield>
  <datafield tag="092" ind1=" " ind2=" ">
    <subfield code="a">230.67</subfield>
    <subfield code="b">W582t</subfield>
  </datafield>
  <datafield tag="100" ind1="1" ind2=" ">
    <subfield code="a">White, Ellen Gould Harmon,</subfield>
    <subfield code="d">1827-1915.</subfield>
  </datafield>
  <datafield tag="245" ind1="1" ind2="4">
    <subfield code="a">The triumph of God's love :</subfield>
    <subfield code="b">the story of the vindication of the character of God and the salvation of mankind /</subfield>
    <subfield code="c">by E. G. White.</subfield>
  </datafield>
  <datafield tag="246" ind1="3" ind2="3">
    <subfield code="a">Great controversy between Christ and Satan.</subfield>
  </datafield>
  <datafield tag="260" ind1=" " ind2=" ">
    <subfield code="a">Nashville :</subfield>
    <subfield code="c">Southern Publishing Association,</subfield>
    <subfield code="c">c1957.</subfield>
  </datafield>
  <datafield tag="300" ind1=" " ind2=" ">
    <subfield code="a">429 p. :</subfield>
    <subfield code="b">ill. ;</subfield>
    <subfield code="c">24 cm.</subfield>
  </datafield>
  <datafield tag="500" ind1=" " ind2=" ">
    <subfield code="a">Also published under the title: The Great Controversy Between Christ and Satan.</subfield>
  </datafield>
  <datafield tag="504" ind1=" " ind2=" ">
    <subfield code="a">Includes bibliographical references and index.</subfield>
  </datafield>
  <datafield tag="650" ind1=" " ind2="0">
    <subfield code="a">Seventh-Day Adventists</subfield>
    <subfield code="x">Controversial literature.</subfield>
  </datafield>
  <datafield tag="650" ind1=" " ind2="0">
    <subfield code="a">Church history.</subfield>
  </datafield>
  <datafield tag="650" ind1=" " ind2="0">
    <subfield code="a">Eschatology.</subfield>
  </datafield>
  <datafield tag="942" ind1=" " ind2=" ">
    <subfield code="2">ddc</subfield>
    <subfield code="c">BK</subfield>
  </datafield>
  <datafield tag="952" ind1=" " ind2=" ">
    <subfield code="0">0</subfield>
    <subfield code="1">0</subfield>
    <subfield code="2">ddc</subfield>
    <subfield code="4">0</subfield>
    <subfield code="7">0</subfield>
    <subfield code="8">NFIC</subfield>
    <subfield code="a">HMC</subfield>
    <subfield code="b">HMC</subfield>
    <subfield code="c">GEN</subfield>
    <subfield code="d">2018-09-22</subfield>
    <subfield code="g">700.00</subfield>
    <subfield code="l">0</subfield>
    <subfield code="o">286.7 W582T</subfield>
    <subfield code="p">000933</subfield>
    <subfield code="r">2018-09-22 00:00:00</subfield>
    <subfield code="w">2018-09-22</subfield>
    <subfield code="y">BK</subfield>
  </datafield>
</record>
